00987nam a22002417a 4500999001500000008004100015020001800056040000900074245014200083260004200225300002800267490002400295650002500319650002600344650001900370650003900389650006600428650003000494700004200524700004000566942001300606952012600619 c7700d7700230404b ||||| |||| 00| 0 eng d a9788419471185 aCDMR aInnovar en periodismo b: de la desinformación al metaverso c/ José Francisco Serrano Oceja, Cristina Jaramillo Sánchez (editores) aValencia : bTirant Lo Blanch, c2023 a344 pàgines c; 24 cm aTirant humanidades  093188aPremsa digital 094286aDesinformació 094829aMetavers 093083aCompetències professionals 094722aIntel·ligència artificialxAspectes ètics i morals 094834aPeriodisme immersiu 94832aSerrano Oceja, José Francisco 94833aJaramillo Sánchez, Cristina 2udccMON 00102udc4070aCDMRbCDMRd2023-04-04eDonatiug28.00l1oCs /34pCDMR23040003r2023-07-17s2023-06-27w2023-04-04yMON